Sociálně psychologický výcvik II : příručka pro vedoucí skupin /

Hlavní autor: Hermochová, Soňa, 1932-2018
Jazyk: Čeština
Vydáno: Praha : Státní pedagogické nakladatelství, 1988
Vydání: 1. vyd.
Edice: Učební texty vysokých škol
Témata:
Externí odkaz: Digitalizovaný dokument
Fyzický popis: 138 s.
Knihy
Uloženo v:
LEADER 01603nam a22003612a 4500
001 000044963
003 CZ BrMZK
005 20080206085124.0
007 ta
008 951201s1988 xr f cze d
015 |a cnb000039683 
035 |a (OCoLC)85622167 
040 |a BOA001  |b cze 
080 9 |a 316.6 
080 9 |a 159.98 
100 1 |a Hermochová, Soňa,  |d 1932-2018  |7 jn20000400936  |4 aut 
245 1 0 |a Sociálně psychologický výcvik II :  |b příručka pro vedoucí skupin /  |c Soňa Hermochová 
250 |a 1. vyd. 
260 |a Praha :  |b Státní pedagogické nakladatelství,  |c 1988 
300 |a 138 s. 
490 1 |a Učební texty vysokých škol 
504 |a Obsahuje bibliografii 
810 2 |a Univerzita Karlova.  |b Filozofická fakulta.  |t Učební texty  |0 s 
856 4 1 |u http://www.digitalniknihovna.cz/mzk/uuid/uuid:f5b72f10-44c4-11e5-8851-005056827e51  |y Digitalizovaný dokument  |x NDK 
910 |a BOA001  |b PK-N-0027.015  |b 4-0932.269 
964 |a Skupiny přirozené - výcvik sociálně psychologický - metodiky - učebnice - školy vysoké 
964 |a Psychologie sociální - učebnice - školy vysoké 
990 |a BK 
991 |b 200711 
996 7 |b 2619969727  |c 4-0932.269  |l MZK  |r Sklad / do 1 hodiny  |n 15  |w 000044963  |u 000040  |a 1  |e BOA001  |j MZK50  |s A 
996 7 |b 3119910833  |c PK-N-0027.015  |l MZK  |r Sklad / do 1 hodiny  |n 20  |w 000044963  |u 000030  |a 1  |e BOA001  |j MZK50  |s A 
996 7 |b 3119957009  |c PK-N-0027.015  |l MZK  |r Sklad / do 1 hodiny  |n 22  |w 000044963  |u 000020  |a 1  |e BOA001  |j MZK50  |s A 
996 7 |b 3119984635  |c PK-N-0027.015  |l MZK  |r Sklad / do 1 hodiny  |n 29  |w 000044963  |u 000010  |a 1  |e BOA001  |j MZK50  |s A